Operations research : a textbook for students of mathematics, statistics, commerce engineering and management of all Indian universities (Record no. 196166)
[ view plain ]
| 000 -LEADER | |
|---|---|
| fixed length control field | 00571nam a2200157Ia 4500 |
| 008 - FIXED-LENGTH DATA ELEMENTS--GENERAL INFORMATION | |
| fixed length control field | 231217s9999 xx 000 0 und d |
| 041 ## - LANGUAGE CODE | |
| Language code of text/sound track or separate title | English |
| 082 ## - DEWEY DECIMAL CLASSIFICATION NUMBER | |
| Classification number | 001.424 SWA;7 R1 |
| 100 ## - MAIN ENTRY--PERSONAL NAME | |
| Personal name | Swarup, Kanthi. Gupta, P K. Man, Mohan. |
| 245 #0 - TITLE STATEMENT | |
| Title | Operations research : a textbook for students of mathematics, statistics, commerce engineering and management of all Indian universities |
| 250 ## - EDITION STATEMENT | |
| Edition statement | 3rd ed. |
| 260 ## - PUBLICATION, DISTRIBUTION, ETC. | |
| Date of publication, distribution, etc. | 1986 |
| Name of publisher, distributor, etc. | Sultan Chand & Sons |
| Place of publication, distribution, etc. | New Delhi |
| 300 ## - PHYSICAL DESCRIPTION | |
| Extent | xiv, 891 |
| 650 ## - SUBJECT ADDED ENTRY--TOPICAL TERM | |
| Topical term or geographic name entry element | Operations,mathematics,,statistics,,commerce,management |
| 942 ## - ADDED ENTRY ELEMENTS (KOHA) | |
| Koha item type | Books |
| Date last seen | Total checkouts | Full call number | Accession number | Price effective from | Category | Public note | Lost status | Damaged status | Department | Withdrawn status | Home library | Current library | Shelving location | Entry date | Grants | Currency symbol | Conversion rate | Discount | Old discount |
|---|---|---|---|---|---|---|---|---|---|---|---|---|---|---|---|---|---|---|---|
| 26/01/2024 | 001.424 SWA;7 R1 | 87954 | 26/01/2024 | Books | Donated by CS | Central Library | Central Library | Central Library | Library Annex | 06/01/2014 | DONATED | RS | 1 |
